Conformation and mechanism of carbon compounds / (Record no. 42109)

MARC details
000 -LEADER
fixed length control field 00768nam a22002057a 4500
005 - DATE AND TIME OF LATEST TRANSACTION
control field 20100816122916.0
010 ## - LCCN (DPL NO)
LC control number ENG-100504
020 ## - INTERNATIONAL STANDARD BOOK NUMBER
International Standard Book Number 9789380116358
Terms of availability 75.00
035 ## - SYSTEM CONTROL NUMBER
System control number EN-84037
037 ## - SOURCE OF ACQUISITION
Source of stock number/acquisition DBAD/PUB
082 ## - DEWEY DECIMAL CLASSIFICATION NUMBER
Classification number 547.01
100 ## - MAIN ENTRY--PERSONAL NAME
Personal name Shanmuga Priya, M.
245 ## - TITLE STATEMENT
Title Conformation and mechanism of carbon compounds /
Statement of responsibility, etc by M.Shanmuga Priya
260 ## - PUBLICATION, DISTRIBUTION, ETC. (IMPRINT)
Place of publication, distribution, etc Madurai
Name of publisher, distributor, etc Radha Publication
Date of publication, distribution, etc 2009
270 ## - ADDRESS
Address 4/167, mullai Street, Kurinchi Nagar, Reserve Line Post
City Madurai
Postal code 625014
300 ## - PHYSICAL DESCRIPTION
Extent 119p.:
Dimensions 19cm (pbk)
Other physical details ill.
650 ## - SUBJECT ADDED ENTRY--TOPICAL TERM
Topical term or geographic name as entry element Carbon compound
942 ## - ADDED ENTRY ELEMENTS (KOHA)
Source of classification or shelving scheme Dewey Decimal Classification
Item type English Books
Classification part 547.01
Call number suffix SHA
Holdings
Withdrawn status Lost status Not for loan Collection code Home library Current library Date acquired Source of acquisition Cost, normal purchase price Full call number Barcode Copy number Cost, replacement price Koha item type
    Not For Loan Non-fiction D.B.Act.Division D.B.Act.Division 16/08/2010 DBAD/PUB 75.00 547.01 SHA EN-84037 1 75.00 English Books

© Delhi Public Library
Hit Counter
free hit counter